[Event "Avoine op 25th"]
[Site "Avoine"]
[Date "2010.07.20"]
[Round "4"]
[White "Menager, Erwan"]
[Black "Kapala, Serge"]
[Result "1-0"]
[WhiteElo "2087"]
[BlackElo "1741"]
[PlyCount "57"]
[EventDate "2010.07.17"]
[EventType "swiss"]
[EventRounds "9"]
[EventCountry "FRA"]
[SourceTitle "EXT 2011"]
[Source "ChessBase"]
[SourceDate "2010.11.26"]
[SourceVersion "1"]
[SourceVersionDate "2010.11.26"]
[SourceQuality "1"]

1. e4 c5 2. Nf3 d6 3. d4 cxd4 4. Nxd4 Nf6 5. Nc3 a6 6. Bg5 e6 7. f4 Be7 8. Qf3 0-0 9. 0-0-0 Qc7 10. Bd3 Nc6 11. Nxc6 bxc6 12. Rhe1 e5 13. f5 a5 14. Qe2 a4 15. g4 Bd7 16. Bc4 Rfb8 17. h4 Qb6 18. b3 d5 19. exd5 Ba3+ 20. Kb1 axb3 21. cxb3 Nxd5 22. Nxd5 cxd5 23. Rxd5 Bc6 24. Rxe5 h6 25. Bc1 Bb4 26. Bd2 Ba3 27. Bc3 Bf8 28. g5 hxg5 29. hxg5 1-0

[Event "Avoine op 24th"]
[Site "Avoine"]
[Date "2009.07.24"]
[Round "7"]
[White "Frick, Christoph"]
[Black "Menager, Erwan"]
[Result "1-0"]
[WhiteElo "2255"]
[BlackElo "2072"]
[PlyCount "54"]
[EventDate "2009.07.18"]
[EventType "swiss"]
[EventRounds "9"]
[EventCountry "FRA"]
[SourceTitle "CBM 131 Extra"]
[Source "ChessBase"]
[SourceDate "2009.09.03"]
[SourceVersion "2"]
[SourceVersionDate "2009.09.16"]
[SourceQuality "1"]

1. e4 c5 2. Nc3 Nc6 3. g3 g6 4. Bg2 Bg7 5. d3 d6 6. Nh3 h5 7. Nf4 Bg4 8. f3 Bd7 9. Be3 Nf6 10. Qd2 Qa5 11. Nfe2 Rc8 12. h3 e5 13. 0-0 Nd4 14. Nc1 Be6 15. f4 Bh6 16. Qf2 Qb4 17. Nd1 Qb6 18. fxe5 Bxe3 19. Nxe3 Nd7 20. c3 Nb5 21. a4 Nc7 22. a5 Qc6 23. d4 d5 24. exd5 Nxd5 25. c4 cxd4 26. Nxd5 Qxc4 27. Ne2 0-0 1-0

[Event "Avoine op 24th"]
[Site "Avoine"]
[Date "2009.07.20"]
[Round "3"]
[White "Gomard, Alexandre"]
[Black "Menager, Erwan"]
[Result "0-1"]
[WhiteElo "1935"]
[BlackElo "2072"]
[PlyCount "79"]
[EventDate "2009.07.18"]
[EventType "swiss"]
[EventRounds "9"]
[EventCountry "FRA"]
[SourceTitle "CBM 131 Extra"]
[Source "ChessBase"]
[SourceDate "2009.09.03"]
[SourceVersion "2"]
[SourceVersionDate "2009.09.16"]
[SourceQuality "1"]

1. d4 Nf6 2. c4 g6 3. Nc3 d5 4. cxd5 Nxd5 5. e4 Nxc3 6. bxc3 Bg7 7. Bc4 0-0 8. Ne2 c5 9. 0-0 Nc6 10. Be3 Na5 11. Qa4 a6 12. Bd3 b5 13. Qa3 cxd4 14. cxd4 Be6 15. Nf4 Bc4 16. Rad1 Bxd3 17. Qxd3 Nc4 18. Bc1 Qa5 19. Qb3 Rfd8 20. Nd5 Rd7 21. Bg5 Re8 22. Rfe1 h6 23. Be3 Red8 24. Nb4 Qb6 25. d5 Nxe3 26. Qxe3 Qxe3 27. Rxe3 a5 28. Nc6 Ra8 29. Rb3 b4 30. a3 bxa3 31. Rxa3 a4 32. Kf1 Bb2 33. Ra2 a3 34. Rb1 Kg7 35. Ke2 e6 36. Nb4 Ra4 37. Rbxb2 axb2 38. Rxb2 Rb7 39. Nd3 Rxb2+ 40. Nxb2 0-1

[Event "FRA-chT2 West 0809"]
[Site "France"]
[Date "2008.11.22"]
[Round "2.6"]
[White "Menager, Erwan"]
[Black "Fayolle, Guy"]
[Result "1/2-1/2"]
[WhiteElo "2114"]
[BlackElo "1886"]
[PlyCount "87"]
[EventDate "2008.10.19"]
[EventType "team-tourn"]
[EventRounds "11"]
[EventCountry "FRA"]
[SourceTitle "EXT 2010"]
[Source "ChessBase"]
[SourceDate "2010.11.25"]
[SourceVersion "1"]
[SourceVersionDate "2010.11.25"]
[SourceQuality "1"]
[WhiteTeam "Tours"]
[BlackTeam "Saint Quentin"]
[WhiteTeamCountry "FRA"]
[BlackTeamCountry "FRA"]

1. e4 e5 2. Nf3 Nc6 3. Bb5 a6 4. Ba4 Nf6 5. 0-0 b5 6. Bb3 d6 7. c3 Be7 8. Re1 Bg4 9. d3 Na5 10. Bc2 c5 11. Nbd2 0-0 12. Nf1 Nc6 13. h3 Bd7 14. Ng3 Qc8 15. Bg5 Ne8 16. Be3 Nf6 17. d4 exd4 18. cxd4 cxd4 19. Nxd4 Nxd4 20. Bxd4 Be6 21. b3 Qd7 22. Qd3 g6 23. Rad1 Rac8 24. Kh2 d5 25. Bb1 dxe4 26. Qe3 Qc7 27. Kg1 Bc5 28. Bxe4 Bxd4 29. Qxd4 Qe7 30. Qb6 Qc5 31. Qxa6 Rfd8 32. Bf3 Rxd1 33. Rxd1 Qb4 34. Qb6 Rc2 35. a4 Qxb3 36. Qxb5 Qa2 37. Qe5 Nd7 38. Qd4 Rc4 39. Qd6 Qxa4 40. Qe7 Rd4 41. Rxd4 Qxd4 42. Ne4 Qa1+ 43. Kh2 Qe5+ 44. Kg1 1/2-1/2

[Event "Avoine op 23rd"]
[Site "Avoine"]
[Date "2008.07.26"]
[Round "8"]
[White "Braeuning, Rudolf Wilhelm"]
[Black "Menager, Erwan"]
[Result "1-0"]
[WhiteElo "2347"]
[BlackElo "2132"]
[PlyCount "61"]
[EventDate "2008.07.19"]
[EventType "swiss"]
[EventRounds "9"]
[EventCountry "FRA"]
[SourceTitle "CBM 125 Extra"]
[Source "ChessBase"]
[SourceDate "2008.09.01"]
[SourceVersion "1"]
[SourceVersionDate "2008.09.01"]
[SourceQuality "1"]

1. e4 c5 2. d4 cxd4 3. c3 Nf6 4. e5 Nd5 5. Nf3 Nc6 6. Bc4 e6 7. cxd4 d6 8. 0-0 Be7 9. Qe2 0-0 10. Qe4 b6 11. Bd3 g6 12. Bh6 Re8 13. Nc3 Bb7 14. Nxd5 exd5 15. Qf4 dxe5 16. dxe5 f6 17. Bb5 a6 18. Bxc6 Bxc6 19. Rfe1 Bf8 20. exf6 Rxe1+ 21. Rxe1 Bxh6 22. f7+ Kg7 23. Re8 Qxe8 24. fxe8N+ Bxe8 25. Qe5+ Kf8 26. Qd6+ Kg7 27. Qe5+ Kf8 28. Qd6+ Kg7 29. h4 Bf7 30. g4 Bc1 31. Qc6 1-0

[Event "Avoine op 23rd"]
[Site "Avoine"]
[Date "2008.07.23"]
[Round "5"]
[White "Menager, Erwan"]
[Black "Rodon, Gurvan"]
[Result "1-0"]
[WhiteElo "2132"]
[BlackElo "1996"]
[PlyCount "43"]
[EventDate "2008.07.19"]
[EventType "swiss"]
[EventRounds "9"]
[EventCountry "FRA"]
[SourceTitle "CBM 125 Extra"]
[Source "ChessBase"]
[SourceDate "2008.09.01"]
[SourceVersion "1"]
[SourceVersionDate "2008.09.01"]
[SourceQuality "1"]

1. e4 c5 2. Nf3 d6 3. d4 cxd4 4. Nxd4 Nf6 5. Nc3 a6 6. Bg5 e6 7. f4 Nbd7 8. Qf3 Qc7 9. 0-0-0 b5 10. e5 Bb7 11. Qh3 dxe5 12. Nxe6 fxe6 13. Qxe6+ Be7 14. Nxb5 axb5 15. Bxb5 Bd5 16. Rxd5 Nxd5 17. Rd1 0-0-0 18. Rxd5 Bxg5 19. fxg5 Rhe8 20. Qa6+ Qb7 21. Qd6 Qxd5 22. Qxd5 1-0

[Event "FRA-chT1A 0708"]
[Site "France"]
[Date "2007.11.25"]
[Round "3.2"]
[White "Grigorov, Grigor"]
[Black "Menager, Erwan"]
[Result "1-0"]
[WhiteElo "2452"]
[BlackElo "2144"]
[PlyCount "83"]
[EventDate "2007.10.21"]
[EventType "team"]
[EventRounds "11"]
[EventCountry "FRA"]
[SourceTitle "EXT 2009"]
[Source "ChessBase"]
[SourceDate "2008.11.26"]
[SourceVersion "1"]
[SourceVersionDate "2008.11.26"]
[SourceQuality "1"]
[WhiteTeam "Nantes"]
[BlackTeam "Tours"]
[WhiteTeamCountry "FRA"]
[BlackTeamCountry "FRA"]

1. d4 Nf6 2. c4 c5 3. d5 b5 4. cxb5 a6 5. bxa6 g6 6. Nc3 Bxa6 7. g3 d6 8. Bg2 Bg7 9. Nf3 Nbd7 10. Rb1 Qa5 11. 0-0 0-0 12. Bd2 Rfb8 13. Qc2 Nb6 14. b3 Bb7 15. a4 Qa6 16. e4 Rc8 17. Rfe1 Ne8 18. Bh3 Rd8 19. Bf1 Qa7 20. Nb5 Qb8 21. a5 Nd7 22. Na3 Nc7 23. b4 cxb4 24. Rxb4 Nc5 25. Reb1 Qc8 26. Rb6 Ba6 27. Bxa6 N7xa6 28. Kg2 Qg4 29. Re1 Rdb8 30. h3 Qd7 31. Reb1 Rc8 32. Nb5 Qe8 33. Nbd4 Na4 34. Rc6 N4c5 35. Rbb6 Rxc6 36. Nxc6 Kf8 37. Qc4 Qd7 38. Be3 Bf6 39. Bxc5 Nxc5 40. a6 Qc7 41. Qb5 Kg7 42. e5 1-0